Vista normal
Vista MARC
Entrada Topical Term
Número de registros utilizados en: 4
001 - CONTROL NUMBER
- control field: 1669
003 - CONTROL NUMBER IDENTIFIER
- control field: OSt
005 - DATE AND TIME OF LATEST TRANSACTION
- control field: 20230504155547.0
008 - FIXED-LENGTH DATA ELEMENTS
- fixed length control field: 230504|| aca||aabn | a|a d
040 ## - CATALOGING SOURCE
- Original cataloging agency: OSt
- Transcribing agency: OSt
150 ## - HEADING--TOPICAL TERM
- Topical term or geographic name entry element: Folclor
- Geographic subdivision: Pacífico (Región, Colombia)
670 ## - SOURCE DATA FOUND
- Source citation: Work cat.: (OSt)0: Orobio Solis, Faustina 1957- autora 1665, Canto y juego a ritmo de marimba